Beginning behavioral research : a conceptual prime /

Đã lưu trong:
書目詳細資料
主要作者: Rosnow, Ralph L.
其他作者: Rosenthal, Robert.
格式: 圖書
語言:English
出版: Englewood Cliffs : Prentice Hall, 1996.
版:2nd ed.
主題:
標簽: 添加標簽
沒有標簽, 成為第一個標記此記錄!
Thư viện lưu trữ: Mạng thư viện Đại học Đà Nẵng
LEADER 01011cam a2200373 i 4500
001 000045083
003 4204
005 20030225111230.0
008 010220|1996 vm 000 eng
020 |a 0134369165 
040 |a IRC  |c IRC  |d IRC 
041 0 |a eng 
082 1 4 |a 300.72  |b RO-R 
100 1 |a Rosnow, Ralph L. 
245 0 0 |a Beginning behavioral research :  |b a conceptual prime /  |c Ralph L. Rosnow, Robert Rosenthal. 
250 |a 2nd ed. 
260 |a Englewood Cliffs :  |b Prentice Hall,  |c 1996. 
300 |a xv, 447 p. :  |b ill. 
630 0 4 |a Methodology. 
630 0 4 |a Psychology. 
630 0 4 |a Social sciences. 
650 0 4 |a Social sciences  |x Research  |x Methodology. 
650 0 4 |a Psychology  |x Research  |x Methodology. 
700 1 |a Rosenthal, Robert. 
OWN |a DUT 
999 |a From the UDN01 
TYP |a Monograph 
TYP |a Printed language 
980 |a Mạng thư viện Đại học Đà Nẵng